书目信息 |
| 题名: |
墨西哥
|
|
| 作者: | 黄添 , 何百根 编著 | |
| 分册: | ||
| 出版信息: | 北京 商务印书馆 1979 |
|
| 页数: | 109页 | |
| 开本: | 19cm | |
| 丛书名: | ||
| 单 册: | ||
| 中图分类: | K973.1 | |
| 科图分类: | ||
| 主题词: | 地理--墨西哥 | |
| 电子资源: | ||
| ISBN: | ||
| 000 | 00613nam0 2200241 45 | |
| 001 | 0179007176 | |
| 005 | 20060817174940.75 | |
| 010 | @dCNY0.28 | |
| 091 | @aCN@b12017.241 | |
| 100 | @a19950725d1979 em y0chiy0121 ea | |
| 101 | 0 | @achi |
| 102 | @aCN@b110000 | |
| 105 | @ay z 000yy | |
| 200 | 10 | @a墨西哥@Amo xi ge@f黄添,何百根编著 |
| 210 | @a北京@c商务印书馆@d1979 | |
| 215 | @a109页@d19cm | |
| 300 | @a地理知识读物 | |
| 606 | @a地理@y墨西哥 | |
| 690 | @aK973.1@v3 | |
| 701 | 0 | @a黄添@Ahuang tian@4编著 |
| 701 | 0 | @a何百根@Ahe bai gen@4编著 |
| 801 | 0 | @aCN@bTSSF@c20060817 |
| 905 | @a10447@dK973.1@e95 | |
| 墨西哥/黄添,何百根编著.-北京:商务印书馆,1979 |
| 109页;19cm |
| 地理知识读物 |
| ISBN :CNY0.28 |
| ● |
| 相关链接 |
|
|
|
|
正题名:墨西哥
索取号:K973.1/95
 
预约/预借
| 序号 | 登录号 | 条形码 | 馆藏地/架位号 | 状态 | 备注 |
| 1 | 0466403 | 204664032 | 密集书库/ [索取号:K973.1/95] | 在馆 | |
| 2 | 0466404 | 204664041 | 密集书库/ [索取号:K973.1/95] | 在馆 |